| 000 | 00852cab a2200277 4500 | ||
|---|---|---|---|
| 001 | WB3112-62 | ||
| 008 | 090401t1995 xxu||||| |||| 00| 0 eng d | ||
| 035 | _a(Sirsi) u36066 | ||
| 041 | _aeng | ||
| 245 | _aTunnelling in Kent rejected | ||
| 260 | _c1995 | ||
| 350 | _a0 | ||
| 490 |
_aFinancial Times _v23 March 1995, 13(1) |
||
| 520 | _aPlans to provide more tunnels to prevent the rail link between London and the Channel tunnel spoiling the Kent countryside have been rejected on grounds of cost. | ||
| 650 | _aCHANNEL TUNNEL | ||
| 650 | _aCOUNCIL FOR THE PRESERVATION OF RURAL ENGLAND | ||
| 650 |
_aEnvironment _96238 |
||
| 650 | _aKENT | ||
| 650 | _aLONDON | ||
| 650 | _aRAIL LINK | ||
| 650 | _aTUNNELLING | ||
| 690 | _aPLANNING LAW AND PRACTICE | ||
| 690 | _aTRANSPORT AND COMMUNICATIONS | ||
| 942 | _n0 | ||
| 948 | _c04/03/1997 | ||
| 999 |
_c23553 _d23553 |
||